| 000 | 02546cam a22005534i 4500 | ||
|---|---|---|---|
| 003 | PE-LiUPU | ||
| 005 | 20250731180141.0 | ||
| 008 | 150706s2007 mx a rb 000 0 spa d | ||
| 020 | _a970106061X | ||
| 020 | _a9789701060612 | ||
| 035 | _a(Sirsi) i9789701060612 | ||
| 040 |
_aPE-LiUPU _bspa _cPE-LiUPU _dPE-LiUPU _erda |
||
| 049 | _aPRUA | ||
| 082 | 0 | 4 |
_a510.3324 _bK77 _221 |
| 100 | 1 |
_aKozikowski Zarska, Zbigniew , _eautor. |
|
| 245 | 1 | 0 |
_aMatemáticas financieras : _bel valor del dinero en el tiempo / _cZbigniew Kozikowski Zarska. |
| 264 | 1 |
_aMéxico : _bMcGraw-Hill Interamericana, _c2007. |
|
| 300 |
_a427 páginas : _bilustraciones ; _c24 centímetros |
||
| 336 |
_atext _2rdacontent |
||
| 337 |
_aunmediated _2rdamedia |
||
| 338 |
_avolume _2rdacarrier |
||
| 504 | _aIncluye bibliografía. | ||
| 505 | 0 | _aEl valor del dinero en el tiempo -- Diferentes perspectivas sobre la tasa de interés -- Crecimiento y descuento -- Términos clave -- Preguntas y problemas -- Bases matemáticas -- Interés simple -- Interés compuesto -- Interés compuesto: valor presente y ecuaciones de valores equivalentes -- Anualidades -- Anualidades: pagos crecientes, rentas perpetuas, pagos desiguales -- Valuación -- Anualidades generales y continuas -- Amortización y fondos de amortización -- Matemáticas bursátiles: acciones y bonos cupón cero -- Bonos con cupones -- Estructura a plazos de lasa tasas de interés -- Métodos de evaluación de proyectos de inversión. | |
| 526 | _aSEG44 | ||
| 526 | _aSEG26 | ||
| 526 | _aP159 | ||
| 526 | _aP155 | ||
| 526 | _aP154 | ||
| 526 | _aP153 | ||
| 526 | _aP150 | ||
| 526 | _aP100 | ||
| 526 | _aP31 | ||
| 526 | _aP30 | ||
| 526 | _aP26 | ||
| 526 | _aP25 | ||
| 526 | _aP24 | ||
| 526 | _aP22 | ||
| 526 | _aP15 | ||
| 526 | _aP10 | ||
| 541 | _g015-0011135; | ||
| 650 | 0 | 4 |
_aMatemáticas comerciales _xEstudio y enseñanza (Superior). |
| 650 | 0 | 4 |
_aMatemáticas comerciales _xProblemas, ejercicios, etc. |
| 910 |
_agl _bjv _clch _d20100221 |
||
| 942 |
_2ddc _cBOOK |
||
| 949 |
_a510.3324 K77 _wDEWEY _c1 _i61013 _lCCODEBUL1 _mBUL _p27.00 _r0 _sY _tBOOK _u2015-7-6 _xFCE _PP08 _o.STAFF. Colección Ciencias Empresariales |
||
| 994 |
_aC0 _bPEPRU |
||
| 596 | _a1 | ||
| 999 |
_a510.3324 K77 _wDEWEY _c50351 _i61013 _d50351 _e2019-8-16 _f2021-11-5 _g4 _lCCODEBUL1 _mBUL _n13 _p27.00 _q5 _r0 _sY _tBOOK _u2015-7-6 _xBIBLIOTECA _PP08 _o.STAFF. Colección Ciencias Empresariales |
||
| 980 |
_81 _gALBERTO SANCHEZ Responsable de Automatización |
||